01935agaaa2200301 45000010005000000030009000050050017000140070009000310080040000400400023000800410013001031000052001161300024001682450201001922500022003932600150004153000034005655080212005995110093008115200394009045380016012985460013013146500056013277000060013837000064014437000063015077000063015706414IT-RoPAU20220918181225.0d cvaizq50131s9999||||xx ||| | || ||und|| aIT-RoPAUcIT-RoPAU aITALIANO aCastellari Enzo G.gCodice regista SPICS: 58523 aJONATHAN DEGLI ORSI aJONATHAN DEGLI ORSIcProdotto da: Nero F. Noia V. -- Sceneggiatura: Castellari Enzo G. De Luca Lorenzo -- Diretto da: Castellari Enzo G.pJONATHAN DEGLI ORSI (Rif. Codice opera principale : H6414) aEdizione Standard a(ITALIA - RUSSIA)bVIVA CINEMAT. - PROJECT CAMP - BERLUSCO / Distribuzione: MULTIMEDIA SAN PAOLOg"1993 (1° ed.: 2006 ; Ed. Lingua Orig.: 1993)" aDVDbsonoro, col.c105 minuti a"Fotografia: Agranovich Mikhail; Montaggio: Moriani Albert; Musica: Biliaev Alexander; Sceneggiatura: Castellari Enzo G. De Luca Lorenzo; Scenografia: Dentici Marco; Soggetto: De Luca Lorenzo -- Nero Franco" a"Alimov Igor; Nero Franco; Gainov Victor; Girolami Enio; Hess David; Sinclair Marie; Lo" aNORD AMERICA. PERSI I GENITORI, CERCATORI D'ORO, A 6 ANNI, TRUCIDATI DA FEROCI RAPINATORI, JONATHAN FA AMICIZIA CON UN ORSETTO E VIENE ADOTTATO DAL CAPO DI UNA TRIBU' PELLEROSSA, TAWANKA, IL CUI AFFETTO PER IL PICCOLO BIANCOSUSCITA LA GELOSIA DEL FIGLIO CHATOW. ORMAI ADULTO, JONATHAN CONDUCE UNA VITA SELVAGGIA, ED OCCASIONALMENTE DIFENDE I PELLEROSSA DAI CRESCENTI SOPRUSI DEI BIANCHI... aPAL, STEREO aITALIANO aWESTERNeDVD-FILM [DVD]xCodice MATERIA SPICS: 9947 aBiliaev Alexandere(musica)gCodice Musica SPICS: 58525 aCastellari Enzo G. e(regista)gCodice regista SPICS: 58523 aDe Luca Lorenzo e(soggetto)gCodice Soggetto SPICS: 21006 aNero Franco e(soggetto)gCodice Soggetto 2° SPICS: 58524